Châteaux de France par image n°1 - Statistiques

Statistiques générales
  • Ce quiz a été pris 711 fois
  • Le résultat moyen est 6 sur 15
Statistiques - réponses
Par images Hint Réponse % Correct
XVIe-XVIIe Château de Chambord
95%
XIIIe-XVIIIe Palais du Louvre
94%
XIIIe-XVIe Château d'Angers
59%
XIIe-XVIe Château d'Amboise
54%
XIVe Palais des Papes d'Avignon
53%
XVIe Château d'If
46%
XVIe Château d'Azay-le-Rideau
39%
XVIe-XVIIIe Château de Villandry
39%
XIVe-XIXe Château de Chantilly
35%
XIVe-XIXe Château de Pierrefonds
30%
XIIe-XXe Château de Saint-Germain-en-Laye
29%
XVe-XVIIe Château d'Ussé
21%
XIIIe Château de Castelnaud
13%
XIIe-XVIe Château d'Annecy
11%
Xe Château de Quéribus
10%
Aucun quiz correspondant
Distribution des résultats
% des personnes avec chaque résultat
Percentile par nombre de réponses
Votre historique - résultats
Vous n’avez pas pris ce quiz